[Event "Cheliabinsk Region-ch"]
[Site "Cheliabinsk"]
[Date "2010.03.27"]
[Round "1"]
[White "Volozhanin, Boris"]
[Black "Tsapov, Igor"]
[Result "0-1"]
[WhiteElo "1817"]
[BlackElo "2108"]
[PlyCount "116"]
[EventDate "2010.03.27"]
[EventType "swiss"]
[EventRounds "9"]
[EventCountry "RUS"]
[SourceTitle "EXT 2012"]
[Source "ChessBase"]
[SourceDate "2011.11.24"]
[SourceVersion "1"]
[SourceVersionDate "2011.11.24"]
[SourceQuality "1"]

1. e4 d6 2. d4 Nf6 3. Nc3 Nbd7 4. f4 c6 5. e5 Nd5 6. Nxd5 cxd5 7. Bd3 e6 8. Nf3 g6 9. 0-0 Qb6 10. c3 Bg7 11. a4 a5 12. exd6 Qxd6 13. b3 Qc7 14. Qe1 0-0 15. Ba3 Re8 16. Bb5 Bf8 17. Bb2 Bd6 18. Ne5 f6 19. Nd3 Re7 20. c4 b6 21. Rc1 Qa7 22. Bc6 Rb8 23. cxd5 Ba6 24. Rf3 Bxd3 25. Rxd3 Bxf4 26. Ba3 Ree8 27. Rc2 e5 28. Re2 Rbd8 29. g3 Bh6 30. Kg2 Qb8 31. d6 Bg7 32. Qc3 h6 33. Qc4+ Kh7 34. Qf7 Rf8 35. Qd5 Qc8 36. h4 h5 37. Qb5 Nb8 38. Bf3 Nd7 39. g4 hxg4 40. Bxg4 f5 41. h5 fxg4 42. hxg6+ Kxg6 43. Rg3 Rf4 44. Qd3+ Kf7 45. Rf2 Rxf2+ 46. Kxf2 e4 47. Qxe4 Nf6 48. Qe7+ Kg6 49. Re3 Qf5+ 50. Ke2 Rd7 51. Qe5 Qc2+ 52. Kf1 Bh6 53. Re2 Qd3 54. Bb2 Bg5 55. Qh2 g3 56. Qg2 Rh7 57. Qc6 Rh2 58. Qc2 Qxc2 0-1

[Event "Cheliabinsk op 02"]
[Site "Cheliabinsk"]
[Date "2009.03.03"]
[Round "4"]
[White "Polschikov, Alexey"]
[Black "Tsapov, Igor"]
[Result "1-0"]
[WhiteElo "2325"]
[BlackElo "2114"]
[PlyCount "68"]
[EventDate "2009.02.28"]
[EventType "swiss"]
[EventRounds "9"]
[EventCountry "RUS"]
[SourceTitle "CBM 129 Extra"]
[Source "ChessBase"]
[SourceDate "2009.05.05"]
[SourceVersion "2"]
[SourceVersionDate "2009.05.20"]
[SourceQuality "1"]

1. e4 d6 2. d4 g6 3. Nc3 Bg7 4. g3 Nf6 5. Bg2 0-0 6. Nge2 e5 7. h3 Nc6 8. Be3 exd4 9. Nxd4 Nxd4 10. Bxd4 Bd7 11. 0-0 Bc6 12. Re1 Nd7 13. Bxg7 Kxg7 14. f4 Qf6 15. Qd2 Rfe8 16. Rab1 Re7 17. b4 a6 18. a4 Nb6 19. a5 Nd7 20. Nd1 Rae8 21. Nf2 Kg8 22. c4 b5 23. Rbc1 Nb8 24. Ng4 Qg7 25. e5 dxe5 26. fxe5 Kh8 27. Bxc6 Nxc6 28. cxb5 Nxe5 29. Nxe5 Rxe5 30. bxa6 Rxe1+ 31. Rxe1 Rxe1+ 32. Qxe1 Qd4+ 33. Qf2 Qxb4 34. a7 Qe4 1-0

[Event "Cheliabinsk op 02"]
[Site "Cheliabinsk"]
[Date "2009.02.28"]
[Round "1"]
[White "Smetanin, Anatoly1111"]
[Black "Tsapov, Igor"]
[Result "0-1"]
[WhiteElo "2283"]
[BlackElo "2114"]
[PlyCount "80"]
[EventDate "2009.02.28"]
[EventType "swiss"]
[EventRounds "9"]
[EventCountry "RUS"]
[SourceTitle "CBM 129 Extra"]
[Source "ChessBase"]
[SourceDate "2009.05.05"]
[SourceVersion "2"]
[SourceVersionDate "2009.05.20"]
[SourceQuality "1"]

1. d4 Nf6 2. c4 d6 3. Nc3 Nbd7 4. Nf3 e5 5. d5 a5 6. e4 Nc5 7. Bd3 Bg4 8. h3 Bh5 9. 0-0 Qd7 10. a3 Be7 11. Bg5 h6 12. Bxf6 Bxf6 13. Nxe5 Bxe5 14. Qxh5 Nxd3 15. Qe2 Nf4 16. Qe3 0-0 17. g3 Nxh3+ 18. Kg2 Ng5 19. f4 Qh3+ 20. Kg1 Bd4 21. Qxd4 Qxg3+ 22. Kh1 Nf3 23. Rxf3 Qxf3+ 24. Kg1 Qg3+ 25. Kh1 Qxf4 26. Rg1 Qh4+ 27. Kg2 f5 28. Kf1 fxe4+ 29. Ke2 Rf7 30. Nxe4 Re8 31. Kd3 Qh3+ 32. Kc2 Qh2+ 33. Kb1 Rxe4 34. Rxg7+ Rxg7 35. Qxe4 Qe5 36. Qh4 Qg5 37. Qh3 b6 38. Qc8+ Kh7 39. Qh3 Qg3 40. Qc8 Qd3+ 0-1

[Event "Cheliabinsk Region-ch"]
[Site "Cheliabinsk"]
[Date "2008.03.09"]
[Round "9"]
[White "Tsapov, Igor"]
[Black "Savushkin, Vladimir"]
[Result "1/2-1/2"]
[WhiteElo "2162"]
[BlackElo "2025"]
[PlyCount "94"]
[EventDate "2008.03.01"]
[EventType "swiss"]
[EventRounds "9"]
[EventCountry "RUS"]
[SourceTitle "CBM 123 Extra"]
[Source "ChessBase"]
[SourceDate "2008.05.06"]
[SourceVersion "1"]
[SourceVersionDate "2008.05.06"]
[SourceQuality "1"]

1. d4 Nf6 2. Nf3 d6 3. g3 g6 4. Bg2 Bg7 5. 0-0 0-0 6. c3 Bd7 7. Qb3 Bc6 8. Nbd2 Nbd7 9. Re1 e5 10. e4 b6 11. Qc4 Bb7 12. b3 a5 13. Ba3 c5 14. Qd3 Ba6 15. Qc2 Qe7 16. dxe5 Nxe5 17. c4 Nc6 18. Bb2 Ne8 19. Bxg7 Nxg7 20. Qc3 b5 21. Rad1 f6 22. cxb5 Bxb5 23. Nc4 Bxc4 24. Qxc4+ Kh8 25. Qd5 Nb4 26. Qxd6 Qxd6 27. Rxd6 Nxa2 28. e5 fxe5 29. Nxe5 Ra7 30. Bd5 Nf5 31. Rd7 Rxd7 32. Nxd7 Rd8 33. Be6 Nd4 34. Bg4 h5 35. Re7 Nc6 36. Rf7 Re8 37. Bf3 Ne5 38. Nxe5 Rxe5 39. Ra7 Nc3 40. Rxa5 Kg8 41. Bc6 Kg7 42. Kg2 Kf6 43. f4 Re2+ 44. Kf3 Rb2 45. Rxc5 Rxb3 46. Kg2 Rb2+ 47. Kf3 Rb3 1/2-1/2

[Event "Cheliabinsk Region-ch"]
[Site "Cheliabinsk"]
[Date "2008.03.04"]
[Round "4"]
[White "Tsapov, Igor"]
[Black "Sotnikov, Alexander I"]
[Result "0-1"]
[WhiteElo "2162"]
[BlackElo "2256"]
[PlyCount "74"]
[EventDate "2008.03.01"]
[EventType "swiss"]
[EventRounds "9"]
[EventCountry "RUS"]
[SourceTitle "CBM 123 Extra"]
[Source "ChessBase"]
[SourceDate "2008.05.06"]
[SourceVersion "1"]
[SourceVersionDate "2008.05.06"]
[SourceQuality "1"]

1. Nf3 b6 2. d4 Bb7 3. c3 f5 4. g3 Nf6 5. Bg2 e6 6. 0-0 Be7 7. Bg5 0-0 8. Nbd2 h6 9. Bxf6 Bxf6 10. Nc4 g5 11. e3 d5 12. Nce5 g4 13. Nd2 Ba6 14. c4 Bxe5 15. dxe5 c6 16. b3 Nd7 17. f4 gxf3 18. Nxf3 Qe7 19. Rc1 Rac8 20. Qd4 Rfd8 21. g4 dxc4 22. gxf5 cxb3 23. Rf2 Nc5 24. Qf4 b2 25. Rxb2 Nd3 26. f6 Qh7 27. Qg4+ Kh8 28. Nh4 Rg8 29. Qxe6 Rce8 30. Qd6 Nxb2 31. e6 Qe4 32. Qd2 Nc4 33. Ng6+ Qxg6 34. Rxc4 Bxc4 35. f7 Qxg2+ 36. Qxg2 Rxg2+ 37. Kxg2 Rc8 0-1